The most excellent workes of chirurgerye. 1543.

Na minha lista:
Detalhes bibliográficos
Autor principal: Vigo, Giovanni, 1500
Formato: Livro
Idioma:English
Publicado em: New York : Da Capo Press, 1968.
Colecção:English experience, its record in early printed books published in facsimile ; no.67
Assuntos:
LEADER 00864nam a2200217 i 4500
001 c000128713
003 CARM
005 00000000000000.0
008 840316s1968 nyu 0 eng d
019 1 |a 10221830  |5 LACONCORD2021 
035 |a (OCoLC)221656874  |5 LACONCORD2021 
100 1 |a Vigo, Giovanni,  |d 1500. 
245 1 4 |a The most excellent workes of chirurgerye. 1543. 
260 |a New York :  |b Da Capo Press,  |c 1968. 
300 |a 270 l. 
440 0 |a English experience, its record in early printed books published in facsimile ;  |v no.67 
650 0 |a Medicine  |x Early works to 1800. 
650 0 |a Surgery  |y Early works to 1800. 
852 8 |b CARM  |h A2:AB13C0  |i D00523  |p 0031321  |f BK 
999 f f |i 45ec7eb8-fe94-5e73-9ccc-04278fbd67ea  |s edf32a6d-52b0-5f04-8831-1df14c98f048 
952 f f |p Can circulate  |a CAVAL  |b CAVAL  |c CAVAL  |d CARM 1 Store  |e D00523  |f A2:AB13C0  |h Other scheme  |i book  |m 0031321